1416 1375 1999 1939 1619 1960 1496 1284 1525 1169 1353 1973 1297 1642 1820 1529 1698 1940 1683 1107 1386 1810 1651 1168 1227 1595 1597 1062 1815 1007 1947 1871 1441 1340 1689 1426 1516 1958 1329 1342 1463 1137 1506 1954 1905 1956 1498 1496 1638 1062 1284 1402 1725 1966 1485 1611 1245 1008 1949 1071 1924 1705 1854 1359 1036 1819 1911 1120 1581 1689 1394 1015 1047 1390 1986 1850 1488 1330 1754 1834 1111 1111 1874 1657 1318 1521 1647 1352 1560 1690 1203 1455 1093 1033 1475 1638 1520 1609 1982 BCNSPRNW ULIB Ver.6.0+V

เปลี่ยนเป็นภาษาไทย

Change to English
 แสดงรายละเอียดบรรณานุกรม
  กลับหน้าหลัก

Brief Record : Get Marc (ISO 2709) : E-mail record : QR code < ปิดหน้าต่าง
LEADER : 00000nam 2200000uu 4500
001    13399112248
003     ULIB
008    110802s2554||||th 000 0 tha d
020    9786165020749
090    นว.^bจ195พ 2554
100 0  จอมจินดา
245 00 พรหมพยศกบฏหัวใจ/^cจอมจินดา
260    กรุงเทพฯ:^bSugar Beat,^c2554.
300    326 หน้า
945    ^p220^l0^i18466
995    เกษร
999 ^a ใช้งานได้ทุกระบบ
รายการนี้ยังไม่มีแท็ก
คุณยังไม่ได้ล็อกอิน คุณสามารถมีกิจกรรมร่วมกับเว็บไซต์ได้ แต่ต้องล็อกอินก่อน ::
  ล็อกอิน

รายการสื่อสารสนเทศ

ลำดับที่ ประเภท เลขเรียก/บาร์โค้ด สถานที่ สถานะ
1. วิทยาศาสตร์การแพทย์ และสุขภาพ
วิทยาศาสตร์การแพทย์ และสุขภาพ
นว. จ195พ 2554  
  Barcode: 18466
ห้องสมุดวิทยาเขตสวรรค์ประชารักษ์
►นวนิยาย
บนชั้น
  ขอยืม

รายการใกล้เคียง
    ผู้แต่ง [จอมจินดา]

BibComment


ยังไม่เคยถูกคอมเมนท์

คอมเมนท์ทรัพยากรรายการนี้
  คอมเมนท์: พรหมพยศกบฏหัวใจ จ..


 Copyright 2026. Bcnsprnw @Library